Návrh treba zásadne prepracovať! čo by priniesol nový zákon o poskytovateľoch a o stavovských organizáciách v zdravotníctve?

Bibliographic Details
Main Author: (mm) (Author)
Format: Article
Language:Slovak
PhysicalDescription:Obr.
ISSN:1335-4477
Subjects:

MARC

LEADER 00000nab a2200000 a 4500
001 vtls000847126
003 SK-MaSNL
005 20260302164302.0
008 140303c2003 xo 0 slo
015 |a SNBRB2003/10-27028 
035 |a CLN000198781 
040 |a SNKBUCL  |b slo  |c SNKBUCL  |e AACR2 
041 0 |a slo 
044 |a xo  |c SK 
080 |a 614.258  |2 1997 
100 0 |a (mm)  |4 aut  |9 849636 
245 1 0 |a Návrh treba zásadne prepracovať!  |b čo by priniesol nový zákon o poskytovateľoch a o stavovských organizáciách v zdravotníctve?  |c [autor] (mm) 
300 |b Obr. 
650 0 7 |a organizácie lekárske stavovské  |z Slovensko  |x legislatíva  |2 snkbucl  |9 866963 
650 0 7 |a komory lekárske  |z Slovensko  |x legislatíva  |2 snkbucl  |9 866964 
650 0 7 |a organizácie zdravotnícke  |z Slovensko  |x legislatíva  |2 snkbucl  |9 866965 
655 7 |a články z novín a časopisov  |2 snkbucl  |9 267496 
773 0 |t Zdravotnícke noviny  |g Roč. 8, č. 31 (2003), s. 4  |x 1335-4477 
850 |a Slovenská národná knižnica v Martine 
852 |a SNK  |b KIS3GCP 
958 |a MI 
992 |a RBX 
999 |c 1386197  |d 1388127